| 000 | 00388nam a22001217a 4500 | ||
|---|---|---|---|
| 999 |
_c516132 _d516132 |
||
| 082 | _aTNC T39 B469 | ||
| 100 |
_aBhattacharyya, B. (ed.) _922510 |
||
| 245 |
_aNew dimensions in global business : _bPerspective 2001 _cedited by B. Bhattacharyya |
||
| 260 |
_aNew Delhi _bExcel _c1998 |
||
| 300 | _a334p. | ||
| 650 |
_aGlobalization _924720 |
||
| 650 |
_aGlobalization - Economic aspects _924721 |
||